Nine Inch Nails discography - Statistics

General Stats
  • This quiz has been taken 433 times
    179 since last reset
  • The average score is 18 of 33
Answer Stats
Hint Answer % Correct
Halo 8 1994 the downward spiral
96%
Halo 2 1989 pretty hate machine
88%
Halo 14 1999 the fragile
87%
Halo 19 2005 [WITH_TEETH]
83%
Halo 5 1992 broken
79%
Halo 9 1994 closer to god
72%
Halo 3 1990 head like a hole
71%
Halo 24 2007 YEAR ZERO
71%
Halo 6 1992 fixed
69%
Halo 26 2008 GHOSTS I-IV
68%
Halo 10 1995 further down the spiral
64%
Halo 28 2013 hesitation marks
62%
Halo 4 1990 sin
62%
Halo 27 2008 THE SLIP
59%
Halo 1 1989 down in it
58%
Halo 32 2018 Bad Witch
56%
Halo 7 1994 march of the pigs
56%
Halo 31 2017 Add Violence
51%
Halo 17b 2002 still
48%
Halo 17 2002 and all that could have been
46%
Halo 11 1997 the perfect drug
46%
Halo 18 2005 THE HAND THAT FEEDS
44%
Halo 15 1999 we're in this together
44%
Halo 20 2005 [ONLY]
40%
Halo 23 2007 SURVIVALISM
39%
Halo 29 2016 Not the Actual Events
36%
Halo 16 2000 things falling apart
36%
Halo 25 2007 YEAR ZERO REMIXED
35%
Halo 21 2006 [EVERY DAY IS EXACTLY THE SAME]
34%
Halo 13 1999 the day the world went away
29%
Halo 12 1997 closure
27%
Halo 22 2007 [BESIDE YOU IN TIME]
21%
Halo 30 2017 The Fragile: Deviations 1
17%
No matching quizzes found
Score Distribution
Percent of People with Each Score
Percentile by Number Answered
Your Score History
You have not taken this quiz since the last reset